| 000 | 00713nam a2200241Ia 4500 | ||
|---|---|---|---|
| 005 | 20250508164610.0 | ||
| 008 | 008 250505s9999 xx 000 0 eng d | ||
| 020 | _a0-19-434132-1 | ||
| 037 | _aReference | ||
| 040 |
_aFEDL _beng _cFEDL |
||
| 041 |
_aeng _2eng |
||
| 084 |
_a373.236, KEL/RR _qFEDL |
||
| 100 |
_aKellough Richard D _9773402 |
||
| 245 | 0 | _aMiddle school teaching : A guide to methods and resources | |
| 250 | _a2 | ||
| 260 |
_aEnglewood Chiffs, USA _bMerrill an Imprint of Prentice Hall _c1996 |
||
| 300 | _axviii,584p. | ||
| 365 |
_aUSD _b40 |
||
| 546 | _aMACESE | ||
| 700 |
_a Kellough Noreen G _9778567 |
||
| 942 |
_cREF _h373.236, KEL/RR |
||
| 999 |
_c1390056 _d1390056 |
||